000
00335nam a22001457a 4500
008
180903b xxu||||| |||| 00| 0 eng d f
020
_a
9780781760034
041
_a
eng
080
_a
616.8
082
_a
616.8 BEA
100
_a
7
101
_a
NEU
245
_a
Neuroscience Exploring the Brain
_c
Bear.M.F
942
_2
udc
_c
BK
999
_c
47438
_d
47438